Statistiques concernant Top 10 des plus longs chantiers de constructions

Cliquez ici pour prendre le quiz!

Statistiques générales

  • Ce quiz a été pris 8 fois
  • Le résultat moyen est 2 sur 10

Statistiques - réponses

Hint Answer % Correct
1Muraille de Chine
88%
10Colisée
25%
8Pyramide de Gizeh
13%
9Parthénon
13%
5Chichen Itza
13%
4Angkor Vat
13%
2Stonehenge
0%
3Pétra
0%
6Cathédrale d'York
0%
7Sacsayhuaman
0%

Distribution des résultats

Percentile by Number Answered

% des personnes avec chaque résultat

Votre développement - résultats

Vous n’avez pas pris ce quiz